Digital futures of graduate study in the humanities (Record no. 1464839)

MARC details
000 -LEADER
fixed length control field 00951 a2200265 4500
005 - DATE AND TIME OF LATEST TRANSACTION
control field 20260102163049.0
008 - FIXED-LENGTH DATA ELEMENTS--GENERAL INFORMATION
fixed length control field 260102b |||||||| |||| 00| 0 eng d
020 ## - INTERNATIONAL STANDARD BOOK NUMBER
International Standard Book Number 9781517916923 (pbk)
037 ## - SOURCE OF ACQUISITION
Terms of availability TB
040 ## - CATALOGING SOURCE
Original cataloging agency AL
Transcribing agency AL
041 ## - LANGUAGE CODE
Source of code eng
Language code of text/sound track or separate title eng
084 ## - COLON CLASSIFICATION NUMBER
Classification number T4:3(D65,8(B)) R4
Assigning agency AL
245 ## - TITLE STATEMENT
Title Digital futures of graduate study in the humanities
260 ## - PUBLICATION, DISTRIBUTION, ETC.
Place of publication, distribution, etc. London, UK:
Name of publisher, distributor, etc. University of Minnesota Press,
Date of publication, distribution, etc. 2024.
300 ## - PHYSICAL DESCRIPTION
Extent xxxiii, 347p.
365 ## - TRADE PRICE
Price amount 35.00
Currency code USD
650 ## - SUBJECT ADDED ENTRY--TOPICAL TERM
Topical term or geographic name entry element Education
9 (RLIN) 861563
650 ## - SUBJECT ADDED ENTRY--TOPICAL TERM
Topical term or geographic name entry element University
9 (RLIN) 861564
650 ## - SUBJECT ADDED ENTRY--TOPICAL TERM
Topical term or geographic name entry element Digital
9 (RLIN) 861565
700 ## - ADDED ENTRY--PERSONAL NAME
Personal name Hankins, Gabriel
Relator term editor.
9 (RLIN) 861566
700 ## - ADDED ENTRY--PERSONAL NAME
Personal name Lang, Anouk
Relator term editor.
9 (RLIN) 861567
700 ## - ADDED ENTRY--PERSONAL NAME
Personal name Appleford, Simon
Relator term editor.
9 (RLIN) 861568
942 ## - ADDED ENTRY ELEMENTS (KOHA)
Koha item type Textbook
Source of classification or shelving scheme Colon Classification (CC)
Suppress in OPAC No
Classification part T4:3(D65,8(B)) R4
Holdings
Withdrawn status Lost status Source of classification or shelving scheme Damaged status Not for loan Home library Current library Date acquired Source of acquisition Cost, normal purchase price Total Checkouts Full call number Barcode Date last seen Cost, replacement price Price effective from Koha item type
    Colon Classification (CC)     Arts Library Arts Library 2025-11-10 64/ Shivam Book Service 2486.12   T4:3(D65,8(B)) R4 AL1804893 2025-11-10 3107.65 2025-11-10 Textbook
Copyright @ Delhi University Library System